000 00352nam a22001337a 4500
008 241112b |||||||| |||| 00| 0 eng d
020 _a9780830834013
050 _aBR115.A8
_b.S33
100 _aSchaeffer, Francis A.
245 _aArt and the Bible
260 _aDowners Grove, Illinois
_bInter vasity Press
_c2006
300 _a94p.
942 _2lcc
_cBK
999 _c20548
_d20547